Marketing mess to brand success : 30 challenges to transform your organization's brand (and your own)! /

"Owning your mess and being vulnerable makes you an even stronger leader and Scott Miller shows you exactly how."--Dave Hollis, bestselling author of Get out of your own way. One man's mistake is another man's lesson. Don't let Scott Miller's success story fool you. He...

Full description

Bibliographic Details
Main Author: Miller, Scott Jeffrey (Author, Narrator)
Format: Audio Book
Language:English
Published: [Old Saybrook, CT] : Tantor Media, Inc., [2021]
Edition:Unabridged.
Subjects:
Online Access:Connect to the full text of this electronic book

MARC

Tag First Indicator Second Indicator Subfields
LEADER 00000cim a2200000 i 4500
001 in00004669613
006 m o h
007 cr una||||||||
007 sz usnnnn|||ed
008 210623s2021 ctunnnn o i n eng d
005 20260128154850.7
019 |a 1257489355 
020 |a 9781705280959 
020 |a 1705280951 
020 |a 9781705280942  |q (electronic audio bk.) 
020 |a 1705280943  |q (electronic audio bk.) 
035 |a (OCoLC)1258246424  |z (OCoLC)1257489355 
037 |a 39874A47-3E9D-408D-8691-80B43BBBB5A0  |b OverDrive, Inc.  |n http://www.overdrive.com 
037 |a 9781705280959  |b O'Reilly Media 
040 |a TOH  |b eng  |e rda  |e pn  |c TOH  |d TEFOD  |d OCLCO  |d OCLCF  |d TEFOD  |d OCLCO  |d OCLCQ  |d OCL  |d ORMDA  |d OCLCO 
049 |a TXAM 
050 4 |a HF5415.1255  |b .M5477 2021ab 
082 0 4 |a 658.827  |2 23 
100 1 |a Miller, Scott Jeffrey,  |e author,  |e narrator. 
245 1 0 |a Marketing mess to brand success :  |b 30 challenges to transform your organization's brand (and your own)! /  |c Scott Jeffrey Miller. 
250 |a Unabridged. 
264 1 |a [Old Saybrook, CT] :  |b Tantor Media, Inc.,  |c [2021] 
300 |a 1 online resource (1 sound file (07 hr., 58 min.)) 
306 |a 075800 
336 |a spoken word  |b spw  |2 rdacontent 
337 |a computer  |b c  |2 rdamedia 
338 |a online resource  |b cr  |2 rdacarrier 
344 |a digital  |2 rdatr 
347 |a audio file  |2 rdaft 
500 |a Electronic audio file. 
511 0 |a Read by the author. 
520 |a "Owning your mess and being vulnerable makes you an even stronger leader and Scott Miller shows you exactly how."--Dave Hollis, bestselling author of Get out of your own way. One man's mistake is another man's lesson. Don't let Scott Miller's success story fool you. He has made and learned from many mistakes in his career. Featuring thirty chapters with challenges like "A Name is Not a Lead" and "Hire People Smarter Than You," Marketing mess to brand success shares a career worth of horrifying mistakes, missteps, and lessons learned. Whether you're starting a new company, a brand manager figuring out the best brand strategy or brand positioning for a niche market, or trying to land your first job as a marketing manager or brand manager, this book is designed to prepare you for many of the inevitable challenges that you will encounter. Avoid marketing messes and square up to successes. A marketing crash course will not make you a marketing star. But having a better understanding of the role of marketing in business development and making sure you're focused and aligned with the right areas of an organization may. Each chapter features true stories and relevant questions that challenge you to become a better marketing manager 
650 0 |a Branding (Marketing) 
650 0 |a Strategic planning. 
650 0 |a Internet marketing. 
650 0 |a Leadership. 
650 6 |a Stratégie de marque. 
650 6 |a Planification stratégique. 
650 6 |a Marketing sur Internet. 
650 6 |a Leadership. 
650 7 |a branding.  |2 aat 
650 7 |a Strategic planning.  |2 fast  |0 (OCoLC)fst01134371 
650 7 |a Leadership.  |2 fast  |0 (OCoLC)fst00994701 
650 7 |a Internet marketing.  |2 fast  |0 (OCoLC)fst00977272 
650 7 |a Branding (Marketing)  |2 fast  |0 (OCoLC)fst01743755 
655 4 |a Electronic audio books. 
655 7 |a Audiobooks.  |2 fast  |0 (OCoLC)fst01726208 
655 7 |a Audiobooks.  |2 lcgft 
655 7 |a Livres audio.  |2 rvmgf 
856 4 0 |u https://proxy.library.tamu.edu/login?url=https://go.oreilly.com/TAMU/library/view/-/9781705280959/?ar  |z Connect to the full text of this electronic book  |t 0 
955 |a Safari/O'Reilly ebooks 
994 |a 92  |b TXA 
999 f f |s e3d94767-9ea9-4559-b1a6-cd76cc714805  |i 9862ff59-2874-49e6-bb60-eb075bdfcd38  |t 0 
952 f f |a Texas A&M University  |b College Station  |c Electronic Resources  |s www_evans  |d Available Online  |t 0  |e HF5415.1255 .M5477 2021ab  |h Library of Congress classification 
998 f f |a HF5415.1255 .M5477 2021ab  |t 0  |l Available Online